Tekst hymnu Polski - Mazurek Dąbrowskiego - Statystyki

Ogólne statystyki
  • Ten quiz został rozwiązany 36 razy
  • Średni wynik to 32 z 34
Statystyki odpowiedzi
Hint Odpowiedź % Poprawnych
swej Basi
100%
przykład Bonaparte
100%
mamy, refren, jak Czarniecki
97%
Słuchaj jeno
97%
Marsz marsz
97%
Kiedy my
97%
Dał nam
97%
się z narodem
97%
pono nasi
97%
nam obca
97%
szablą odbierzemy
97%
będziem Polakami
97%
Jeszcze Polska
97%
do Poznania
97%
wrócim się przez
97%
ojczyzny ratowania
97%
biją w
97%
ziemi włoskiej
97%
przemoc wzięła
97%
Dąbrowski z
97%
nie zginęła
97%
przewodem złączym
97%
jak zwyciężać
97%
żyjemy Co
94%
po szwedzkim
94%
morze, refren, już tam
94%
przejdziem Wartę
94%
Przejdziem Wisłę
94%
do Polski
90%
Za twoim
90%
mówi zapłakany
90%
zaborze Dla
87%
tarabany refren
87%
ojciec do
81%
Nie znaleziono quizów pasujących do podanych kryteriów
Rozkład punktacji
Procent ludzi z każdym wynikiem
Percentyl według liczby udzielonych odpowiedzi
Twoja historia wyników
Nie rozwiązałeś tego quizu